Jogalkotás 1933-ban
Elmentve itt :
| Szerző: | |
|---|---|
| Dokumentumtípus: | Cikk |
| Megjelent: |
1934
|
| Sorozat: | Polgári jog : a hazai és külföldi magánjog és hiteljog szemléje
10 |
| Kulcsszavak: | Jogalkotás Magyarország 1933 |
| Online Access: | http://misc.bibl.u-szeged.hu/5881 |
| LEADER | 00599nab a2200169 i 4500 | ||
|---|---|---|---|
| 001 | misc5881 | ||
| 005 | 20191106142315.0 | ||
| 008 | 170607s1934 hu o 0|| hun d | ||
| 040 | |a SZTE Miscellanea Repozitórium |b hun | ||
| 041 | |a hun | ||
| 100 | 1 | |a Blau György | |
| 245 | 1 | 0 | |a Jogalkotás 1933-ban |h [elektronikus dokumentum] / |c Blau György |
| 260 | |c 1934 | ||
| 300 | |a 207-213a | ||
| 490 | 0 | |a Polgári jog : a hazai és külföldi magánjog és hiteljog szemléje |v 10 | |
| 695 | |a Jogalkotás Magyarország 1933 | ||
| 856 | 4 | 0 | |u http://misc.bibl.u-szeged.hu/5881/1/polgari_jog_1934_207-213a.pdf |z Dokumentum-elérés |